000 00412nam a22001457a 4500
005 20260309092812.0
008 260309b |||||||| |||| 00| 0 eng d
020 _a9788192406015
082 _a610.7368 KAP
100 _aKapoor, Bimla.
245 _aA textbook of psychiatric nursing- Vol. I
260 _aNew Delhi :
_bKumar Publising House,
_c2024.
300 _a182 p. :
_bill. ;
_c30 cm.
942 _2ddc
_cMAIN
999 _c10553
_d10554